Nehmotné aktíva, ich evidencia a prínos k rastu výkonnosti podnikateľského subjektu bakalárska práca

Na minha lista:
Detalhes bibliográficos
Autor principal: Ješková, Alexandra
Autor Corporativo: Fakulta podnikového manažmentu EU. Katedra podnikovohospodárska
Outros Autores: Matušovič, Martin
Formato: Livro
Idioma:eslovaco
Publicado em: Bratislava 2021
Tags: Adicionar Tag
Sem tags, seja o primeiro a adicionar uma tag!

MARC

LEADER 00000nbm a2200000 4500
001 0275641
005 20211118105313.2
041 0 |a slo 
044 |a SK 
245 1 0 |a Nehmotné aktíva, ich evidencia a prínos k rastu výkonnosti podnikateľského subjektu  |b bakalárska práca  |c Alexandra Ješková ; školiteľ: Martin Matušovič 
264 1 |a Bratislava  |c 2021 
300 |a 54 s. 
100 1 |a Ješková, Alexandra 
700 1 |a Matušovič, Martin 
710 2 |a Fakulta podnikového manažmentu EU. Katedra podnikovohospodárska